[Event "Chigorin Memorial Open"]
[Site "St Petersburg RUS"]
[Date "2011.10.17"]
[Round "4.74"]
[White "Derbenev, Andrey"]
[Black "Yakovlev, Yuri S."]
[Result "1-0"]
[WhiteElo "2353"]
[BlackElo "2029"]
[WhiteFideId "4154169"]
[BlackFideId "4173929"]
[EventDate "2011.10.14"]

1. d4 d5 2. c4 c6 3. Nf3 Nf6 4. e3 Bf5 5. Nh4 Bxb1 6. Rxb1 e6 7. a3 Ne4 8. Nf3
Nd7 9. Bd3 f5 10. O-O Bd6 11. Qc2 g5 12. b4 g4 13. Ne5 Nxe5 14. dxe5 Bxe5 15.
Bb2 Qf6 16. cxd5 exd5 17. Bxe5 Qxe5 18. b5 O-O 19. bxc6 bxc6 20. Bxe4 fxe4 21.
Qxc6 Rac8 22. Qd7 Rc7 23. Qxg4+ Rg7 24. Qh3 Rf3 25. Qc8+ Rf8 26. Qh3 Rf3 27. Qh4
Rf8 28. Rb5 h5 29. Rd1 Rg4 30. Rbxd5 Qg7 31. Qh3 Qb2 32. R5d2 Qg7 33. Rd8 h4 34.
Rxf8+ Kxf8 35. Rd4 Qg5 36. Rxe4 Rxe4 37. Qf3+ Kg7 38. Qxe4 Qa5 39. Qb4 Qc7 40.
h3 Qc1+ 41. Kh2 Kf7 42. Qb7+ 1-0

[Event "Chigorin Memorial Open"]
[Site "St Petersburg RUS"]
[Date "2011.10.17"]
[Round "4.75"]
[White "Emdin, Mark"]
[Black "Dzhangobegov, Vladimir"]
[Result "1/2-1/2"]
[WhiteElo "2088"]
[BlackElo "2333"]
[WhiteFideId "4100050"]
[BlackFideId "4180984"]
[EventDate "2011.10.14"]

1. e4 c5 2. d3 e6 3. g3 d5 4. exd5 exd5 5. Bg2 Nf6 6. Ne2 Nc6 7. O-O Be7 8. d4
cxd4 9. Nxd4 Bg4 10. Qd3 O-O 11. Nc3 Bc5 12. Nb3 Bb6 13. Nxd5 Ne5 14. Qc3 Nf3+
15. Bxf3 Nxd5 16. Qd3 Bxf3 17. Qxf3 Re8 18. Rd1 Qf6 19. Qxf6 Nxf6 20. Nd4 Bxd4
21. Rxd4 Re1+ 22. Kg2 Rae8 23. b3 Ne4 24. Kf3 Ng5+ 25. Kg2 Ne4 26. Kf3 h5 27.
Bb2 Ng5+ 28. Kg2 R1e2 29. Rc4 Ne4 30. Bd4 Nd6 31. Rc5 Rd2 32. c3 g6 33. a4 Nf5
34. Rc7 h4 35. Bxa7 Kg7 36. Bd4+ Nxd4 37. cxd4 h3+ 38. Kg1 b6 39. Rc6 Rb8 40.
Rc4 Ra8 41. Rb4 Ra6 42. d5 Rxd5 43. Rh4 Rd3 44. Rxh3 Rxb3 45. Rh4 b5 46. Kg2 Rb2
47. Rf4 g5 48. Rd4 Rf6 49. Rf1 b4 50. Rd5 Kg6 1/2-1/2

[Event "Chigorin Memorial Open"]
[Site "St Petersburg RUS"]
[Date "2011.10.17"]
[Round "4.76"]
[White "Pershin, Denis"]
[Black "Leontiev, Aleksandr V."]
[Result "1-0"]
[BlackTitle "IM"]
[WhiteElo "1984"]
[BlackElo "2329"]
[WhiteFideId "24165506"]
[BlackFideId "4122968"]
[EventDate "2011.10.14"]

1. e4 e5 2. Nf3 Nc6 3. Bc4 Nf6 4. Ng5 d5 5. exd5 Na5 6. Bb5+ c6 7. dxc6 bxc6 8.
Bd3 Nd5 9. Ne4 f5 10. Nec3 Bc5 11. Nxd5 cxd5 12. Bb5+ Kf7 13. O-O Rb8 14. Be2
Re8 15. c3 Nc6 16. b4 Bb6 17. a4 a5 18. b5 Ne7 19. d4 e4 20. c4 dxc4 21. Bxc4+
Nd5 22. Qh5+ Ke6 23. Bxd5+ Kxd5 24. Nc3+ Ke6 25. Bf4 g6 26. Qxh7 Rg8 27. Bxb8
Bxd4 28. Rad1 1-0

[Event "Chigorin Memorial Open"]
[Site "St Petersburg RUS"]
[Date "2011.10.17"]
[Round "4.77"]
[White "Barhudarian, Rafael"]
[Black "Nasybullina, Alfia"]
[Result "0-1"]
[WhiteTitle "FM"]
[WhiteElo "2325"]
[BlackElo "1978"]
[WhiteFideId "4182685"]
[BlackFideId "4132416"]
[EventDate "2011.10.14"]

1. Nc3 d5 2. e4 e6 3. d4 Bb4 4. Ne2 dxe4 5. a3 Bxc3+ 6. Nxc3 Nc6 7. Bb5 Ne7 8.
Bg5 f6 9. Be3 O-O 10. Qd2 f5 11. f3 exf3 12. gxf3 Nd5 13. Bg5 Nxd4 14. O-O-O
Nxf3 15. Bxd8 Nxd2 16. Nxd5 exd5 17. Bxc7 Ne4 18. Rxd5 a6 19. Be2 Be6 20. Re5
Rac8 21. Bb6 Rc6 22. Bd4 Bc4 23. Rg1 g6 24. Bxc4+ Rxc4 25. c3 Kf7 26. Rd5 Ke6
27. Re5+ Kf7 28. Rf1 Re8 29. Rd5 Ke6 30. Re5+ Kd7 31. Ra5 Rc6 32. h4 Ree6 33.
Rg1 Nd6 34. h5 Nb5 35. Bg7 Re2 36. a4 Nc7 37. hxg6 hxg6 38. Rd1+ Ke7 39. Re5+
Rxe5 40. Bxe5 Ne6 41. b4 Ng5 42. b5 Re6 43. Bd4 Ne4 44. Rh1 Kd7 45. Rh7+ Re7 46.
Rh6 axb5 47. axb5 g5 48. Kc2 g4 49. c4 g3 50. c5 f4 51. Rg6 f3 52. c6+ bxc6 53.
bxc6+ Kc7 54. Be3 Rf7 55. Bd4 Rf5 0-1

[Event "Chigorin Memorial Open"]
[Site "St Petersburg RUS"]
[Date "2011.10.17"]
[Round "4.79"]
[White "Kopasov, Evgeny"]
[Black "Predke, Alexandr"]
[Result "0-1"]
[WhiteElo "2059"]
[BlackElo "2461"]
[WhiteFideId "4181239"]
[BlackFideId "24107581"]
[EventDate "2011.10.14"]

1. d4 Nf6 2. Nf3 d5 3. Bf4 c5 4. c3 Nc6 5. e3 Qb6 6. Na3 c4 7. b3 e5 8. dxe5 Ne4
9. Nb1 Qa5 10. Nfd2 Nxc3 11. Nxc3 Bb4 12. Rc1 Bxc3 13. Qc2 Bb4 14. bxc4 Bf5 15.
e4 dxe4 16. Rd1 e3 17. Qxf5 Bxd2+ 0-1

[Event "Chigorin Memorial Open"]
[Site "St Petersburg RUS"]
[Date "2011.10.17"]
[Round "4.80"]
[White "Guliev, Logman"]
[Black "Kalinin, Nikita"]
[Result "1/2-1/2"]
[WhiteTitle "IM"]
[WhiteElo "2447"]
[BlackElo "2102"]
[WhiteFideId "13400061"]
[BlackFideId "24155390"]
[EventDate "2011.10.14"]

1. e4 e5 2. Nf3 Nc6 3. Bb5 Bc5 4. c3 f5 5. d4 fxe4 6. Nfd2 Bb6 7. d5 e3 8. fxe3
Nce7 9. Ne4 a6 10. Ba4 Nf5 11. O-O Ngh6 12. c4 O-O 13. c5 Ba7 14. Nbc3 d6 15. b4
Qe7 16. Bb3 Kh8 17. a4 Bd7 18. Qd3 a5 19. bxa5 Bxc5 20. Nxc5 dxc5 21. Ne4 Rxa5
22. Bd2 Raa8 23. a5 Nd6 24. Nxd6 cxd6 25. h3 Nf5 26. Bc2 g6 27. Rab1 Rab8 28.
Kh2 Kg8 29. Rb6 Qh4 30. Rf3 Nh6 31. Qe4 Ng4+ 32. Kg1 Rxf3 33. Qxf3 Rf8 34. Qe2
Rf2 35. Be1 Rxe2 36. Bxh4 Nxe3 37. Be4 Nc4 38. Rxb7 Nxa5 39. Rxd7 Rxe4 40. Be7
Nc4 41. Bxd6 Nxd6 42. Rxd6 Rd4 43. Rd7 h5 44. d6 Kf8 45. Rc7 Rxd6 46. Rxc5 Re6
47. Kf2 Kf7 48. Kf3 Kf6 49. Ke4 Ra6 50. Rc4 Ra2 51. Rc6+ Kg5 52. h4+ Kh6 53.
Kxe5 Re2+ 54. Kf6 Rf2+ 55. Ke5 Rxg2 56. Rc4 Rg3 57. Ra4 Rf3 58. Rb4 Rf7 59. Ra4
Kg7 60. Ra8 Rf5+ 61. Ke4 Rf1 62. Ra7+ Kh6 63. Ra4 Rg1 64. Kf3 Kg7 1/2-1/2

[Event "Chigorin Memorial Open"]
[Site "St Petersburg RUS"]
[Date "2011.10.17"]
[Round "4.81"]
[White "Sokolova, Vera"]
[Black "Mikhalchenko, Petr"]
[Result "0-1"]
[WhiteTitle "WFM"]
[WhiteElo "2052"]
[BlackElo "2395"]
[WhiteFideId "24120200"]
[BlackFideId "4177657"]
[EventDate "2011.10.14"]

1. e4 e5 2. Nf3 Nc6 3. Bb5 a6 4. Ba4 d6 5. c3 Bd7 6. O-O Nge7 7. d4 Ng6 8. Bc2
h6 9. a4 Be7 10. d5 Nb8 11. Na3 Bg5 12. Be3 Bg4 13. Nc4 Nh4 14. Ncd2 Qf6 15. h3
Nxf3+ 16. Nxf3 Bxf3 17. Qxf3 Qxf3 18. gxf3 Nd7 19. Kg2 Nf8 20. Rg1 Ng6 21. Kf1
Bf4 22. Ke2 Ke7 23. c4 a5 24. b4 axb4 25. Rab1 b6 26. Rxb4 Kf6 27. Rbb1 Ra5 28.
Rg2 Nh4 29. Rg4 g5 30. Rgg1 Rha8 31. Ra1 Ng6 32. Rh1 Kg7 33. Kd2 Nh4 34. Ke2 f5
35. Rhg1 Kf6 36. Rad1 Bxe3 37. fxe3 f4 38. Ra1 Ke7 39. Rab1 Kd7 40. Bd1 Kc8 41.
exf4 exf4 42. Kd3 Kd7 43. Kd4 Rxa4 44. Bxa4+ Rxa4 45. Rb3 Ra2 46. Rf1 Rh2 47.
Rd3 Rxh3 48. Kc3 Ng6 49. Kd2 Ne5 50. Rc3 h5 51. Ke2 g4 0-1

[Event "Chigorin Memorial Open"]
[Site "St Petersburg RUS"]
[Date "2011.10.17"]
[Round "4.82"]
[White "Irinchinov, Vladimir"]
[Black "Yuferev, Oleg"]
[Result "0-1"]
[BlackTitle "FM"]
[WhiteElo "2050"]
[BlackElo "2351"]
[WhiteFideId "24116165"]
[BlackFideId "4131720"]
[EventDate "2011.10.14"]

1. e4 c5 2. Nf3 e6 3. d4 cxd4 4. Nxd4 a6 5. Bd3 Qb6 6. Nb3 Qc7 7. O-O Nf6 8. Bg5
Be7 9. Nc3 d6 10. Qe2 O-O 11. Be3 b5 12. a3 Bb7 13. Bf4 Nbd7 14. Bg3 g6 15. f4
Nh5 16. Be1 e5 17. fxe5 dxe5 18. g3 Nb6 19. Na5 Bc8 20. b4 Be6 21. Nd1 Rac8 22.
Ne3 Nf6 23. Rc1 Nc4 24. Bxc4 bxc4 25. Qf3 Qa7 26. Bf2 Qa8 27. Qe2 Qxe4 28. Rfe1
Nd7 29. Nd1 Qa8 30. Nc3 h5 31. Qe4 Qxe4 32. Nxe4 f5 33. Nc3 e4 34. Bd4 Bd8 35.
Nb7 Bc7 36. Nc5 Nxc5 37. Bxc5 Be5 38. Na4 Rfd8 39. Rcd1 Kf7 40. Bb6 Rxd1 41.
Rxd1 Rc6 42. Be3 Kf6 43. Nc5 g5 44. Bd4 c3 45. Kf2 Bxd4+ 46. Rxd4 Ke5 47. Rd8 f4
48. gxf4+ gxf4 49. Re8 a5 50. Nd7+ Kd4 51. Nf6 axb4 52. axb4 Rd6 53. b5 Bf5 54.
Nxh5 Bg6 55. Rh8 e3+ 56. Ke2 Bxh5+ 57. Rxh5 Ke4 58. Rh8 f3+ 59. Ke1 f2+ 0-1

[Event "Chigorin Memorial Open"]
[Site "St Petersburg RUS"]
[Date "2011.10.17"]
[Round "4.83"]
[White "Tappyrov, Vladimir"]
[Black "Zamyshlyaev, Anatoly"]
[Result "1-0"]
[WhiteTitle "FM"]
[WhiteElo "2330"]
[BlackElo "2067"]
[WhiteFideId "4157184"]
[BlackFideId "4199308"]
[EventDate "2011.10.14"]

1. d4 e6 2. c4 d5 3. Nf3 c5 4. cxd5 exd5 5. g3 Nf6 6. Bg2 Be7 7. O-O O-O 8. Nc3
Nc6 9. dxc5 Bxc5 10. Na4 Bb6 11. b3 Qe7 12. Nxb6 axb6 13. Bb2 Rd8 14. Nd4 Bg4
15. h3 Be6 16. a3 Qd7 17. Kh2 Ne4 18. Nxc6 bxc6 19. Qd4 f6 20. Qxb6 Nd2 21. Rfd1
Rab8 22. Qe3 Nxb3 23. Rab1 Bf5 24. Bxf6 Bxb1 25. Bxd8 Bc2 26. Bxd5+ cxd5 27.
Rxd5 Qf7 28. Rd6 Bg6 29. Bb6 Re8 30. Qc3 h6 31. Rxg6 Qxg6 32. Qxb3+ Kh8 33. Be3
Qe4 34. a4 Ra8 35. Qc3 Rxa4 36. Bxh6 Rd4 37. Bxg7+ 1-0

[Event "Chigorin Memorial Open"]
[Site "St Petersburg RUS"]
[Date "2011.10.17"]
[Round "4.84"]
[White "Ershov, Valentin"]
[Black "Melnikov, Dmitry"]
[Result "0-1"]
[BlackTitle "FM"]
[WhiteElo "2031"]
[BlackElo "2299"]
[WhiteFideId "24166430"]
[BlackFideId "4146468"]
[EventDate "2011.10.14"]

1. d4 f5 2. g3 Nf6 3. Bg2 g6 4. c3 Bg7 5. Qb3 d5 6. Nf3 O-O 7. O-O e6 8. c4 c6
9. Bf4 Kh8 10. Nbd2 Ne4 11. Qe3 Nd7 12. Nxe4 fxe4 13. Ne5 Nxe5 14. Bxe5 Bxe5 15.
dxe5 Qb6 16. c5 Qxb2 17. f4 exf3 18. exf3 b5 19. Rfb1 Qc2 20. a4 Ba6 21. Bf1
Rad8 22. Rd1 Rd7 23. Rac1 Qf5 24. f4 Rg7 25. Bd3 Qh3 26. Bf1 Qf5 27. Bd3 Qh3 28.
Bf1 Qh6 29. h4 Rc7 30. Rb1 Rb8 31. Kg2 Qf8 32. Bd3 Bb7 33. a5 Rd8 34. Bc2 Rcd7
35. Qd4 Rg7 36. Rh1 h6 37. Rbd1 Rdd7 38. Qb4 Qd8 39. Rd4 Qf8 40. Qc3 Rdf7 41.
Bd1 Bc8 42. Qc1 Kg8 43. Rf1 Qe7 44. Rh1 a6 45. Be2 Bd7 46. Bd3 Be8 47. Qc2 Rf8
48. Kg1 Qf7 49. Qf2 Qc7 50. Qd2 Kf7 51. Rh2 Ke7 52. Rf2 Kd8 53. Kf1 Kc8 54. Ke1
g5 55. hxg5 hxg5 56. Kd1 gxf4 57. Rdxf4 Rfg8 58. Qe1 Rxg3 59. Bh7 Qxh7 0-1

[Event "Chigorin Memorial Open"]
[Site "St Petersburg RUS"]
[Date "2011.10.17"]
[Round "4.85"]
[White "Ivkina, Olga"]
[Black "Ivanov, Sergei V."]
[Result "0-1"]
[WhiteTitle "WIM"]
[WhiteElo "2296"]
[BlackElo "2055"]
[WhiteFideId "4156820"]
[BlackFideId "24170003"]
[EventDate "2011.10.14"]

1. e4 d6 2. d4 Nf6 3. Nc3 g6 4. Nf3 Bg7 5. Be2 O-O 6. O-O Nc6 7. d5 Ne5 8. Nxe5
dxe5 9. Be3 Ne8 10. Nb5 Nd6 11. Nxd6 exd6 12. b4 f5 13. f3 f4 14. Bf2 Bf6 15.
Qe1 Kh8 16. c4 Rg8 17. a4 g5 18. h3 Rg6 19. a5 Rh6 20. a6 b6 21. h4 Qg8 22. Kh2
gxh4 23. Rh1 Bd7 24. c5 Rf8 25. cxb6 cxb6 26. Rc1 Bd8 27. Bf1 Qg5 28. Rc3 Rg8
29. b5 Rhg6 30. Rg1 Qh6 31. Qc1 Rg3 32. Rh1 R3g6 33. Rc7 Qg7 34. Rg1 Bxc7 35.
Qxc7 Bc8 36. Qxg7+ R8xg7 37. Bd3 Rc7 38. Ra1 h3 39. g3 Rc3 40. Rd1 fxg3+ 41.
Bxg3 Bd7 42. Rd2 Kg8 43. Be2 h5 44. Bd1 Bxb5 45. Kxh3 Bxa6 46. Kh4 Rd3 47. Rxd3
Bxd3 48. Bf2 Rg2 49. Be3 Rh2+ 50. Kg5 Kf7 51. f4 Rg2+ 52. Kf5 Be2 53. Bxe2 Rxe2
54. Bc1 exf4 55. Bxf4 Rf2 56. Kg5 Rxf4 0-1

[Event "Chigorin Memorial Open"]
[Site "St Petersburg RUS"]
[Date "2011.10.17"]
[Round "4.86"]
[White "Ivakhinova, Inna"]
[Black "Saveliev, Alexei"]
[Result "1-0"]
[WhiteTitle "WIM"]
[WhiteElo "2288"]
[BlackElo "2048"]
[WhiteFideId "4185641"]
[BlackFideId "24128546"]
[EventDate "2011.10.14"]

1. d4 Nf6 2. c4 e6 3. Nf3 b6 4. g3 Ba6 5. Qa4 c5 6. Bg2 Bb7 7. dxc5 Bxc5 8. O-O
O-O 9. Nc3 Be7 10. Rd1 Na6 11. Qc2 Qc8 12. Qb3 Nc5 13. Qc2 Na6 14. Bg5 Rd8 15.
e4 d6 16. Qe2 h6 17. Bf4 Nc5 18. Nd4 e5 19. Nf5 Bf8 20. Bd2 Nfxe4 21. Nxh6+ gxh6
22. Nxe4 Qf5 23. Nxc5 Bxg2 24. Kxg2 dxc5 25. Bc3 Bg7 26. Re1 Re8 27. Rad1 Rad8
28. Rxd8 Rxd8 29. f3 Qd3 30. Kf2 Qxe2+ 31. Rxe2 f6 32. g4 Kf7 33. Rd2 Rxd2+ 34.
Bxd2 Ke6 35. Ke3 f5 36. Bc3 Bf6 37. h3 Bg5+ 38. Kd3 Bf4 39. a3 Kf6 40. b4 cxb4
41. axb4 a6 42. Be1 Ke6 43. b5 axb5 44. cxb5 Bg5 45. Bf2 Bd8 46. Be3 f4 47. Bf2
Kd5 48. h4 Bc7 49. g5 hxg5 50. hxg5 Kd6 51. Ke4 Ke6 52. Be1 Bd8 53. Bc3 Bxg5 54.
Bxe5 Be7 55. Bxf4 Bd8 56. Bb8 Bh4 57. Bc7 Bf2 58. Be5 Bh4 59. f4 Be7 60. f5+ Kf7
61. Bd4 Bd8 62. Kd5 Bc7 63. Kc6 Bd8 64. Bxb6 Bh4 65. Bc7 Bf2 66. Be5 1-0

[Event "Chigorin Memorial Open"]
[Site "St Petersburg RUS"]
[Date "2011.10.17"]
[Round "4.88"]
[White "Pashinsky, Mikhail"]
[Black "Trapeznikova, Darya"]
[Result "1-0"]
[WhiteElo "2228"]
[BlackElo "2024"]
[WhiteFideId "4152450"]
[BlackFideId "24121118"]
[EventDate "2011.10.14"]

1. e4 e6 2. d4 d5 3. Nc3 Bb4 4. e5 Ne7 5. a3 Bxc3+ 6. bxc3 c5 7. Qg4 O-O 8. Bd3
f5 9. exf6 Rxf6 10. Bg5 Rf7 11. Qh5 g6 12. Qd1 Nbc6 13. Nf3 Qf8 14. O-O h6 15.
Bc1 c4 16. Be2 Qg7 17. a4 b6 18. Ba3 Nf5 19. g4 Nfe7 20. Bd6 g5 21. Ne5 Nxe5 22.
Bxe5 Qf8 23. Qc1 Ng6 24. Qe3 Bd7 25. a5 b5 26. Kg2 Nf4+ 27. Kg3 h5 28. gxh5 Qh6
29. h3 Kh7 30. Kh2 Raf8 31. Bg4 Nxh5 32. f3 Nf4 33. Rh1 Qh4 34. Qe1 Qxe1 35.
Raxe1 Ng6 36. Bd6 Re8 37. Kg3 Kg7 38. Re2 a6 39. Rhe1 Rf6 40. Ba3 Kh6 41. Bc1
Re7 42. Rh2 Nh4 43. f4 Nf5+ 44. Kg2 Nh4+ 45. Kg3 Nf5+ 46. Bxf5 Rxf5 47. fxg5+
Kh5 48. Rf2 Rxf2 49. Kxf2 Be8 50. Kg3 Bg6 51. Re2 Bf5 52. h4 Rf7 53. Rf2 Rb7 54.
Ba3 Rf7 55. Bd6 Rd7 56. Bb4 Rf7 57. Rf4 Rd7 58. Rf2 Rf7 59. Ba3 Kg6 60. Bc1 Kh5
61. Bd2 Rb7 62. Be1 Rf7 63. Kf4 Rd7 64. Ke5 Kg6 65. Bd2 Rd8 66. Bc1 Rd7 67. Rh2
Bg4 68. h5+ Bxh5 69. Kxe6 Bg4+ 70. Ke5 Re7+ 71. Kxd5 Re1 72. Rh6+ Kg7 73. Bf4
Re2 74. Be5+ Kf8 75. g6 Ke7 76. Rh7+ Kf8 77. Kd6 1-0

[Event "Chigorin Memorial Open"]
[Site "St Petersburg RUS"]
[Date "2011.10.17"]
[Round "4.89"]
[White "Lysenko, Maria"]
[Black "Martynov, Pavel2"]
[Result "1/2-1/2"]
[WhiteElo "2019"]
[BlackElo "2223"]
[WhiteFideId "24122084"]
[BlackFideId "4122186"]
[EventDate "2011.10.14"]

1. d4 g6 2. Nf3 f5 3. g3 Bg7 4. Bg2 Nf6 5. b3 O-O 6. Bb2 d6 7. O-O Qe8 8. c4 c6
9. d5 a5 10. Nc3 Bd7 11. Nd4 Na6 12. Na4 c5 13. Nf3 b5 14. Nb6 Rb8 15. Nxd7 Qxd7
16. Bc3 h6 17. Nd2 b4 18. Bb2 a4 19. bxa4 Ra8 20. a3 Rfb8 21. axb4 cxb4 22. Nb3
Rc8 23. Qd3 Nc5 24. Nxc5 Rxc5 25. Qb3 Qb7 26. Bd4 Nd7 27. Bxg7 Kxg7 28. Rfb1 Rb8
29. a5 Qa6 30. Qa4 Ne5 31. Rxb4 Rxb4 32. Qxb4 Nxc4 33. Rc1 Qc8 34. Ra1 Qa6 35.
Rc1 Qc8 36. Ra1 1/2-1/2

[Event "Chigorin Memorial Open"]
[Site "St Petersburg RUS"]
[Date "2011.10.17"]
[Round "4.90"]
[White "Vunder, Yakov"]
[Black "Shmoilov, Dmitry"]
[Result "0-1"]
[WhiteElo "2221"]
[BlackElo "1998"]
[WhiteFideId "4161955"]
[BlackFideId "24160342"]
[EventDate "2011.10.14"]

1. c4 e5 2. g3 g6 3. Bg2 Bg7 4. Nc3 f5 5. e3 Nf6 6. Nge2 O-O 7. d3 d6 8. O-O Nc6
9. Rb1 a5 10. a3 Be6 11. Nd5 Bf7 12. Nec3 Kh8 13. Bd2 Rb8 14. Qa4 Be8 15. Qb3
Nxd5 16. Nxd5 b6 17. f4 Bf7 18. Rbe1 Ne7 19. e4 b5 20. Bxa5 bxc4 21. Qxc4 Nxd5
22. exd5 Rxb2 23. Bc3 Rxg2+ 24. Kxg2 Qa8 25. Kg1 Bxd5 26. Qb5 Rb8 27. Qa5 Qxa5
28. Bxa5 e4 29. Bxc7 Bd4+ 30. Rf2 Rb2 31. Rf1 e3 32. Rxb2 e2+ 0-1

[Event "Chigorin Memorial Open"]
[Site "St Petersburg RUS"]
[Date "2011.10.17"]
[Round "4.91"]
[White "Tugarin, Anton"]
[Black "Guzenko, Artem"]
[Result "0-1"]
[WhiteElo "2014"]
[BlackElo "2216"]
[WhiteFideId "24151246"]
[BlackFideId "24144460"]
[EventDate "2011.10.14"]

1. c4 c5 2. Nf3 e6 3. g3 b6 4. Bg2 Bb7 5. O-O Nf6 6. Nc3 d6 7. Re1 Nbd7 8. e4
Be7 9. d4 cxd4 10. Nxd4 Qc7 11. Ndb5 Qb8 12. Be3 O-O 13. f4 a6 14. Nd4 Rc8 15.
Qe2 Ra7 16. f5 exf5 17. Nxf5 Bf8 18. Nd5 Bxd5 19. exd5 Ne5 20. b3 Re8 21. Qd2
Nfg4 22. Bf4 b5 23. h3 Nf6 24. cxb5 axb5 25. Nd4 Rc7 26. Kh2 Rc5 27. b4 Rc4 28.
Rac1 Qb6 29. Nb3 Rxc1 30. Rxc1 Nc4 31. Qd4 Qa6 32. Rc2 Qa4 33. Qc3 Nh5 34. Bc1
g6 35. Bf3 Bg7 36. Qd3 Nf6 37. a3 Ne5 38. Qc3 h5 39. Kg2 Nc4 40. Qd3 Nd7 41. Na5
Nde5 42. Qb3 Qxb3 43. Nxb3 Nd3 44. Re2 Ra8 45. Ra2 Nxb4 46. Re2 Nd3 47. Ra2 Na5
48. Nxa5 Nxc1 49. Rc2 Nd3 0-1

[Event "Chigorin Memorial Open"]
[Site "St Petersburg RUS"]
[Date "2011.10.17"]
[Round "4.93"]
[White "Chehlov, Aleksander"]
[Black "Dushin, Nikolay"]
[Result "1-0"]
[WhiteTitle "FM"]
[WhiteElo "2211"]
[BlackElo "1993"]
[WhiteFideId "11600632"]
[BlackFideId "4114612"]
[EventDate "2011.10.14"]

1. d4 Nf6 2. c4 e6 3. Nc3 Bb4 4. e3 O-O 5. Bd3 d5 6. a3 Bxc3+ 7. bxc3 c5 8. Ne2
Nc6 9. cxd5 exd5 10. O-O c4 11. Bc2 Ne7 12. Ng3 b5 13. f3 a5 14. Qe1 Bd7 15. Bd2
Qb6 16. Qf2 Nc6 17. Rab1 a4 18. e4 Na5 19. e5 Ne8 20. f4 Nb3 21. f5 f6 22. e6
Bc6 23. Bf4 Ra7 24. Rfe1 Qd8 25. Rb2 Qe7 26. Ra2 Nd6 27. Qf3 Rd8 28. Qg4 Kh8 29.
Bb1 Rg8 30. h4 Ne8 31. h5 Na5 32. Ne2 Nd6 33. Bh2 Rd8 34. Nf4 Kg8 35. Qh4 Ne4
36. Nxd5 Bxd5 37. Bxe4 Qb7 38. h6 Bxe4 39. Rxe4 Qd5 40. Rf2 Nc6 41. Rg4 Kh8 42.
hxg7+ Kg8 43. Qxf6 b4 44. axb4 a3 45. Ra2 1-0

[Event "Chigorin Memorial Open"]
[Site "St Petersburg RUS"]
[Date "2011.10.17"]
[Round "4.94"]
[White "Yakimenko, Alexander A."]
[Black "Lisitsin, Boris"]
[Result "1-0"]
[WhiteElo "2211"]
[BlackElo "1977"]
[WhiteFideId "24141917"]
[BlackFideId "4139313"]
[EventDate "2011.10.14"]

1. d4 d5 2. c4 e5 3. e3 exd4 4. exd4 Nf6 5. cxd5 Nxd5 6. Nf3 Bb4+ 7. Bd2 O-O 8.
Be2 Nc6 9. O-O Bxd2 10. Qxd2 Qf6 11. Nc3 Nce7 12. Rfe1 c6 13. Ne4 Qf4 14. Bf1
Rd8 15. Qxf4 Nxf4 16. Rad1 Kf8 17. h3 h6 18. Nc5 Ne6 19. Bc4 Nd5 20. Ne5 Ndc7
21. f4 Nxc5 22. Nxf7 Be6 23. Nxd8 Rxd8 24. b3 Bxc4 25. bxc4 N5e6 26. d5 Nc5 27.
dxc6 Rxd1 28. Rxd1 bxc6 29. Rd6 Ke7 30. Rxc6 N5e6 31. f5 Kd7 32. Rxe6 Nxe6 33.
fxe6+ Kxe6 34. Kf2 Kd6 35. Ke3 Kc5 36. Kd3 1-0

[Event "Chigorin Memorial Open"]
[Site "St Petersburg RUS"]
[Date "2011.10.17"]
[Round "4.95"]
[White "Naboka, Sergey"]
[Black "Kondratiev, Denis"]
[Result "1-0"]
[WhiteElo "2210"]
[BlackElo "1960"]
[WhiteFideId "14123452"]
[BlackFideId "4181220"]
[EventDate "2011.10.14"]

1. e4 c5 2. Nf3 e6 3. d4 cxd4 4. Nxd4 a6 5. Bd3 Nf6 6. O-O Qc7 7. Qe2 d6 8. c4
Be7 9. Nc3 O-O 10. Kh1 Nfd7 11. f4 Bf6 12. Be3 Nc6 13. Nb3 b6 14. Rac1 Nc5 15.
Nxc5 bxc5 16. e5 dxe5 17. Bxc5 Rd8 18. Rf3 g6 19. Be4 Bb7 20. f5 Be7 21. Bxe7
Qxe7 22. f6 Qf8 23. Qe3 Rab8 24. Rh3 Nd4 25. b3 Nf5 26. Qf2 Rd4 27. Bxb7 Rxb7
28. g4 Nh6 29. Qh4 Rxb3 30. axb3 Qa8+ 31. Nd5 exd5 32. c5 Rxg4 33. Qxh6 d4+ 34.
c6 1-0

[Event "Chigorin Memorial Open"]
[Site "St Petersburg RUS"]
[Date "2011.10.17"]
[Round "4.96"]
[White "Zheleznaykov, Peter"]
[Black "Kobzar, Alexandr"]
[Result "0-1"]
[WhiteElo "1955"]
[BlackElo "2197"]
[WhiteFideId "24104620"]
[BlackFideId "14113660"]
[EventDate "2011.10.14"]

1. d4 Nf6 2. c4 g6 3. Nc3 Bg7 4. e4 d6 5. f3 O-O 6. Be3 a6 7. Bd3 Nc6 8. Nge2
Nd7 9. O-O e5 10. d5 Ne7 11. b4 f5 12. Qb3 f4 13. Bf2 g5 14. c5 Kh8 15. Rac1 Rf6
16. c6 bxc6 17. dxc6 Nf8 18. a4 g4 19. b5 gxf3 20. gxf3 axb5 21. axb5 Bh3 22.
Kh1 Qe8 23. Nd5 Qh5 24. Bc4 Nxd5 25. Bxd5 Bxf1 26. Rxf1 Qh3 27. Rg1 Rh6 28. Rg2
Rg6 29. Rxg6 Nxg6 30. Ng1 Qf1 31. Qc2 Qxb5 32. Nh3 Ra1+ 33. Kg2 Qf1# 0-1

[Event "Chigorin Memorial Open"]
[Site "St Petersburg RUS"]
[Date "2011.10.17"]
[Round "4.97"]
[White "Palchun, Grigory"]
[Black "Bezulenko, Evgeny"]
[Result "1-0"]
[WhiteElo "2194"]
[BlackElo "1953"]
[WhiteFideId "24147338"]
[BlackFideId "24105996"]
[EventDate "2011.10.14"]

1. e4 g6 2. d4 Bg7 3. Nc3 d6 4. Be3 c6 5. Qd2 Nd7 6. Nf3 b5 7. O-O-O Qa5 8. Kb1
b4 9. Ne2 Nb6 10. Nc1 Na4 11. Nb3 Qb6 12. Bc4 h6 13. Rhe1 a5 14. Qe2 e6 15. d5
c5 16. e5 Ba6 17. dxe6 dxe5 18. exf7+ Kf8 19. fxg8=Q+ Rxg8 20. Bxa6 e4 21. Bxc5+
Nxc5 22. Nxc5 Qxc5 23. Qxe4 Bxb2 24. Qxa8+ Kg7 25. Rd7+ Kf6 26. Qxg8 1-0

[Event "Chigorin Memorial Open"]
[Site "St Petersburg RUS"]
[Date "2011.10.17"]
[Round "4.98"]
[White "Shaydullina, Sandugach"]
[Black "Zakharov, Yuri"]
[Result "1-0"]
[WhiteTitle "WGM"]
[WhiteElo "2191"]
[BlackElo "1869"]
[WhiteFideId "4140389"]
[BlackFideId "4166620"]
[EventDate "2011.10.14"]

1. d4 Nf6 2. c4 d6 3. Nc3 g6 4. e4 Bg7 5. Nge2 c6 6. Ng3 Qc7 7. Be2 e5 8. d5 O-O
9. h4 h6 10. h5 Kh7 11. Be3 g5 12. f3 Ng8 13. Nf5 Bxf5 14. exf5 Nd7 15. Qd2 Ndf6
16. Rd1 Rfd8 17. g4 Ne8 18. f6 Bxf6 19. Bd3+ Kg7 20. Ne4 c5 21. Nxf6 Kxf6 22.
Bxg5+ hxg5 23. h6 Ng7 24. hxg7 Ne7 25. Rh5 Ng6 26. Qxg5+ Kxg7 27. Qh6+ 1-0